OXFORD MEDICAL DICTIONARY (Record no. 242)
[ view plain ]
| 000 -LEADER | |
|---|---|
| fixed length control field | 00339nam a2200145Ia 4500 |
| 008 - FIXED-LENGTH DATA ELEMENTS--GENERAL INFORMATION | |
| fixed length control field | 150201s2007 xx 000 0 und d |
| 082 ## - DEWEY DECIMAL CLASSIFICATION NUMBER | |
| Classification number | 610.3 |
| Item number | O07M |
| 100 ## - MAIN ENTRY--PERSONAL NAME | |
| Personal name | OXFORD |
| 245 ## - TITLE STATEMENT | |
| Title | OXFORD MEDICAL DICTIONARY |
| 250 ## - EDITION STATEMENT | |
| Edition statement | 4TH |
| 260 ## - PUBLICATION, DISTRIBUTION, ETC. (IMPRINT) | |
| Name of publisher, distributor, etc. | OXFORD UNIVERSITY |
| Place of publication, distribution, etc. | DELHI |
| Date of publication, distribution, etc. | 2007 |
| 300 ## - PHYSICAL DESCRIPTION | |
| Extent | 1-791 |
| 650 ## - SUBJECT ADDED ENTRY--TOPICAL TERM | |
| Topical term or geographic name as entry element | DICTIONARIES |
| 942 ## - ADDED ENTRY ELEMENTS (KOHA) | |
| Source of classification or shelving scheme | Dewey Decimal Classification |
| Koha item type | Books |
| Withdrawn status | Lost status | Source of classification or shelving scheme | Damaged status | Not for loan | Collection code | Home library | Current library | Date acquired | Source of acquisition | Cost, normal purchase price | SGTU | Bill Number | Total Checkouts | Full call number | Barcode | Date last seen | Bill Date | Koha item type |
|---|---|---|---|---|---|---|---|---|---|---|---|---|---|---|---|---|---|---|
| Dewey Decimal Classification | MEDICAL | SGT Medical Library | SGT Medical Library | 10/02/2010 | U.B.S. DELHI | 495.00 | SGTU | 980 | 610.3 O07M | FM1167 | 09/02/2015 | 14/03/2011 | Books | |||||
| Dewey Decimal Classification | MEDICAL | SGT Medical Library | SGT Medical Library | 10/02/2010 | U.B.S. DELHI | 495.00 | SGTU | 980 | 610.3 O07M | FM1168 | 09/02/2015 | 14/03/2011 | Books | |||||
| Dewey Decimal Classification | MEDICAL | SGT Medical Library | SGT Medical Library | 10/02/2010 | U.B.S. DELHI | 495.00 | SGTU | 980 | 610.3 O07M | FM1169 | 09/02/2015 | 14/03/2011 | Books | |||||
| Dewey Decimal Classification | MEDICAL | SGT Medical Library | SGT Medical Library | 10/02/2010 | U.B.S. DELHI | 495.00 | SGTU | 980 | 610.3 O07M | FM1170 | 09/02/2015 | 14/03/2011 | Books | |||||
| Dewey Decimal Classification | MEDICAL | SGT Medical Library | SGT Medical Library | 10/02/2010 | U.B.S. DELHI | 495.00 | SGTU | 980 | 610.3 O07M | FM1171 | 09/02/2015 | 14/03/2011 | Books | |||||
| Dewey Decimal Classification | MEDICAL | SGT Medical Library | SGT Medical Library | 10/02/2010 | U.B.S. DELHI | 495.00 | SGTU | 980 | 610.3 O07M | FM1172 | 09/02/2015 | 14/03/2011 | Books | |||||
| Dewey Decimal Classification | MEDICAL | SGT Medical Library | SGT Medical Library | 10/02/2010 | U.B.S. DELHI | 495.00 | SGTU | 980 | 610.3 O07M | FM1173 | 08/08/2019 | 14/03/2011 | Books | |||||
| Dewey Decimal Classification | MEDICAL | SGT Medical Library | SGT Medical Library | 10/02/2010 | U.B.S. DELHI | 495.00 | SGTU | 980 | 610.3 O07M | FM1174 | 09/02/2015 | 14/03/2011 | Books | |||||
| Dewey Decimal Classification | MEDICAL | SGT Medical Library | SGT Medical Library | 10/02/2010 | U.B.S. DELHI | 495.00 | SGTU | 980 | 610.3 O07M | FM1175 | 09/02/2015 | 14/03/2011 | Books | |||||
| Dewey Decimal Classification | MEDICAL | SGT Medical Library | SGT Medical Library | 10/02/2010 | U.B.S. DELHI | 495.00 | SGTU | 980 | 610.3 O07M | FM1176 | 09/02/2015 | 14/03/2011 | Books |